ბათუმის შოთა რუსთაველის სახელმწიფო უნივერსიტეტის ბიბლიოთეკა

მაცნე : ისტორიის არქეოლოგიის და ეთნოლოგიისა და ხელოვნების ისტორიის სერია : (ბიბ.ჩანაწერი № 61522)

000 -LEADER
fixed length control field 01056nam a22001937a 4500
005 - DATE AND TIME OF LATEST TRANSACTION
control field 20240321152317.0
008 - FIXED-LENGTH DATA ELEMENTS--GENERAL INFORMATION
fixed length control field 240321c2023 ge ||||| |||| 00| 0 geo d
022 ## - INTERNATIONAL STANDARD SERIAL NUMBER
International Standard Serial Number 01326058.
245 ## - TITLE STATEMENT
Title მაცნე : ისტორიის არქეოლოგიის და ეთნოლოგიისა და ხელოვნების ისტორიის სერია :
Remainder of title 2023 /
Statement of responsibility, etc. რედ. როინ მეტრეველი; საქართველოს მეცნიერებათა აკადემიის მაცნე.
260 ## - PUBLICATION, DISTRIBUTION, ETC.
Place of publication, distribution, etc. თბილისი,
Date of publication, distribution, etc. 2023.
300 ## - PHYSICAL DESCRIPTION
Extent V.
653 ## - INDEX TERM--UNCONTROLLED
Uncontrolled term ისტორია
653 ## - INDEX TERM--UNCONTROLLED
Uncontrolled term არქეოლოგია
653 ## - INDEX TERM--UNCONTROLLED
Uncontrolled term ეთნოლოგია
653 ## - INDEX TERM--UNCONTROLLED
Uncontrolled term პერიოდიკა
700 ## - ADDED ENTRY--PERSONAL NAME
Personal name მეტრეველი, როინ
Relator term რედაქტორი
9 (RLIN) 21520
710 ## - ADDED ENTRY--CORPORATE NAME
Corporate name or jurisdiction name as entry element საქართველოს მეცნიერებათა აკადემიის მაცნე.
9 (RLIN) 21521
942 ## - ADDED ENTRY ELEMENTS (KOHA)
Source of classification or shelving scheme
Koha item type პერიოდიკა
ეგზემპლარები
Withdrawn status Lost status Source of classification or shelving scheme Damaged status Not for loan Permanent Location Current Location Shelving location Date acquired Serial Enumeration / chronology Barcode Date last seen Copy number Price effective from Koha item type
          ბათუმის შოთა რუსთაველის სახელმწიფო უნივერსიტეტის მთავარი ბიბლიოთეკა ბათუმის შოთა რუსთაველის სახელმწიფო უნივერსიტეტის მთავარი ბიბლიოთეკა წიგნსაცავი 2024-03-21 # 1 (2023) 81093 2024-03-21 81093 2024-03-21 პერიოდიკა
          ბათუმის შოთა რუსთაველის სახელმწიფო უნივერსიტეტის მთავარი ბიბლიოთეკა ბათუმის შოთა რუსთაველის სახელმწიფო უნივერსიტეტის მთავარი ბიბლიოთეკა წიგნსაცავი 2024-03-21 # 2 (2023) 81083 2024-03-21 81083 2024-03-21 პერიოდიკა